[Event "Challenge"]
[Site "http://www.queenalice.com/game.php?id=241609"]
[Date "2007.7.18"]
[Round "-"]
[White "bruce"]
[Black "cristiana"]
[Result "1-0"]
[WhiteElo "1724"]
[BlackElo "1336"]

1. d4 d5 2. c4 Bf5 3. Nc3 e6 4. Nf3 c6 5. e3 Bd6 6. Be2 Qa5 7. O-O Nf6 8. c5 Be7
9. Bd2 Nbd7 10. Nxd5 Qd8 11. Nc3 b6 12. cxb6 axb6 13. a3 h5 14. h3 Qc7 15. Rc1
Nd5 16. Qb3 Bd8 17. Nb5 Qb8 18. Rxc6 Be7 19. Bc4 Be4 20. Be2 h4 21. Rcc1 f5 22.
Nc3 Nxc3 23. Bxc3 g5 24. Qxe6 g4 25. Qg6+ Kd8 26. hxg4 h3 27. g3 Bd6 28. Qg5+
Kc7 29. Bb4+ Kb7 30. Bxd6 Qxd6 31. gxf5 h2+ 32. Kh1 Qd5 33. Qf4 Bxf5 34. Rc7+
Kb8 35. Rxd7+ Kc8 36. Qc7# 1-0

[Event "Challenge"]
[Site "http://www.queenalice.com/game.php?id=254313"]
[Date "2007.8.11"]
[Round "-"]
[White "pastorzim"]
[Black "bruce"]
[Result "0-1"]
[WhiteElo "1967"]
[BlackElo "1699"]

1. e4 e5 2. Nf3 Nc6 3. Bb5 Nf6 4. d3 Be7 5. Bxc6 dxc6 6. Nxe5 O-O 7. Nc3 Bd6 8.
Nc4 Re8 9. O-O b5 10. Nd2 Bc5 11. a3 Bg4 12. Nf3 a5 13. Be3 Bxe3 14. fxe3 Qd7
15. Rf2 c5 16. Qd2 Bxf3 17. gxf3 b4 18. Ne2 g6 19. a4 Rad8 20. b3 Qc6 21. c3 Rb8
22. d4 Nd7 23. Rg2 Qf6 24. Rg3 bxc3 25. Qxc3 Qb6 26. Rb1 Qb4 27. Qxb4 Rxb4 28.
Rg5 cxd4 29. exd4 f5 30. e5 c5 31. dxc5 Rxe5 32. c6 Nb6 33. Nc3 Rc5 34. Na2 Rd4
35. Rc1 Rxc1+ 0-1

[Event "Challenge"]
[Site "http://www.queenalice.com/game.php?id=258114"]
[Date "2007.8.19"]
[Round "-"]
[White "bruce"]
[Black "chessprm"]
[Result "0-1"]
[WhiteElo "1726"]
[BlackElo "1974"]

1. d4 Nf6 2. c4 g6 3. Nc3 Bg7 4. e4 d6 5. Nf3 O-O 6. Be2 e5 7. Bg5 h6 8. Bh4
Nbd7 9. O-O c6 10. Rc1 exd4 11. Nxd4 Re8 12. Re1 g5 13. Bg3 Ne5 14. Bxe5 dxe5
15. Nf3 Qe7 16. h3 g4 17. hxg4 Rd8 0-1

[Event "Challenge"]
[Site "http://www.queenalice.com/game.php?id=259999"]
[Date "2007.8.23"]
[Round "-"]
[White "Mike36bh"]
[Black "bruce"]
[Result "0-1"]
[WhiteElo "1708"]
[BlackElo "1707"]

1. d4 d5 2. Nc3 Nf6 3. Bf4 a6 4. Nf3 Nc6 5. e3 Bg4 6. h3 Bh5 7. Be2 e6 8. a3 Bd6
9. Bxd6 Qxd6 10. Ne5 Nxe5 11. dxe5 Qxe5 12. Bxh5 Nxh5 13. O-O Nf6 14. Ne2 O-O
15. c3 c5 16. a4 Rad8 17. Ra3 Qc7 18. a5 e5 19. Ng3 Qc8 20. Qf3 c4 21. b3 Rfe8
22. bxc4 Qxc4 23. Qf5 Qc7 24. Nh5 Nxh5 25. Qxh5 b5 26. Raa1 Qxc3 27. Rfc1 Qb4
28. Qd1 f5 29. Qh5 g6 30. Qg5 d4 31. exd4 Rxd4 32. Rc7 Qd6 33. Rac1 Qe6 34. R7c6
Rd6 35. Rc7 Rd7 36. Rc8 Rxc8 37. Rxc8+ Kg7 38. Rc1 Qa2 39. Rc6 Qa1+ 40. Kh2 e4
41. Rxa6 Qe5+ 42. g3 b4 43. Rb6 Qxa5 44. Qf6+ Kh6 45. Qf8+ Kg5 46. Qf6+ Kh6 47.
Qf8+ Rg7 48. Rxb4 Qa7 49. Rb2 Qd4 50. Qb8 Rd7 51. Qf8+ Kh5 52. Qb8 Kg5 53. h4+
Kh6 54. Qf4+ Kg7 55. Re2 Qd5 56. h5 Qd4 57. h6+ Kf7 58. Re3 Qb4 59. g4 Ke6 60.
Kg3 Qb1 61. Kh4 Qb2 62. Kg3 Qa1 63. Kh4 Rd1 64. Rh3 Rf1 65. gxf5+ gxf5 66. f3
Qf6+ 67. Kg3 Rxf3+ 0-1

[Event "Challenge"]
[Site "http://www.queenalice.com/game.php?id=270464"]
[Date "2007.9.12"]
[Round "-"]
[White "Bluto"]
[Black "bruce"]
[Result "0-1"]
[WhiteElo "1772"]
[BlackElo "1712"]

1. e4 e5 2. Nf3 Nc6 3. Bb5 Nf6 4. d3 Be7 5. O-O O-O 6. Re1 a6 7. Ba4 d6 8. c3 b5
9. Bb3 Bg4 10. h3 Bh5 11. Nbd2 d5 12. exd5 Nxd5 13. Nf1 Nf6 14. Ng3 Bxf3 15.
Qxf3 Qd7 16. Bg5 a5 17. Bxf6 Bxf6 18. Bd5 Ra6 19. Nh5 Ne7 0-1

[Event "Challenge"]
[Site "http://www.queenalice.com/game.php?id=302499"]
[Date "2007.11.12"]
[Round "-"]
[White "bruce"]
[Black "Catao"]
[Result "0-1"]
[WhiteElo "1785"]
[BlackElo "2012"]

1. d4 d5 2. Nf3 Nf6 3. e3 Bf5 4. Bd3 Bxd3 5. Qxd3 a6 6. Nc3 e6 7. O-O Be7 8. Re1
O-O 9. e4 dxe4 10. Nxe4 Nbd7 11. c4 c5 12. Be3 cxd4 13. Bxd4 Bc5 14. Rad1 Bxd4
15. Nxd4 Nxe4 16. Qxe4 Qc7 0-1

[Event "Challenge"]
[Site "http://www.queenalice.com/game.php?id=315147"]
[Date "2007.12.5"]
[Round "-"]
[White "Danilo"]
[Black "bruce"]
[Result "1-0"]
[WhiteElo "1663"]
[BlackElo "1773"]

1. e4 e5 2. Nf3 Nc6 3. Bc4 Bc5 4. d3 Nf6 5. Ng5 d5 6. exd5 Nxd5 7. Qf3 Be6 8.
Nxe6 fxe6 9. Qg4 Qd7 10. a3 O-O-O 11. Bd2 Rhf8 12. O-O Kb8 13. Bxd5 exd5 14.
Qxd7 Rxd7 15. Be3 1-0

[Event "Challenge"]
[Site "http://www.queenalice.com/game.php?id=353524"]
[Date "2008.2.12"]
[Round "-"]
[White "bruce"]
[Black "valeriafsouza"]
[Result "0-1"]
[WhiteElo "1783"]
[BlackElo "1965"]

1. d4 Nf6 2. c4 e6 3. Nf3 d5 4. Nc3 c6 5. Bg5 Nbd7 6. e3 Qa5 7. Bd3 dxc4 8. Bxc4
Ne4 9. Qc2 Nxg5 10. Nxg5 Qxg5 11. O-O Bd6 12. Ne4 Qe7 13. a4 Nf6 14. Nxd6+ Qxd6
15. h3 O-O 16. Bd3 Rd8 17. Rac1 e5 18. Rfd1 Be6 19. Be2 exd4 20. Rxd4 Qe7 21.
Rxd8+ Rxd8 22. Bf3 Bd5 23. Bxd5 Nxd5 24. Rd1 Nf6 0-1

[Event "Challenge"]
[Site "http://www.queenalice.com/game.php?id=353525"]
[Date "2008.2.12"]
[Round "-"]
[White "bruce"]
[Black "Trajan"]
[Result "0-1"]
[WhiteElo "1800"]
[BlackElo "1824"]

1. d4 Nf6 2. c4 b6 3. Bf4 c5 4. Nc3 cxd4 5. Qxd4 Nc6 6. Qd1 e5 7. Bg5 Bc5 8. e4
h6 9. Bh4 Nd4 10. Nf3 d6 11. a3 a5 12. Nxd4 Bxd4 13. Bxf6 Qxf6 14. f3 Bd7 15.
Rc1 Qh4+ 16. g3 Qg5 17. Rc2 Qe3+ 18. Qe2 Rc8 19. Qxe3 Bxe3 20. Nd5 Bd4 21. h4
O-O 22. f4 Rfe8 23. Bg2 b5 24. b3 bxc4 25. bxc4 Ba4 26. Rc1 Rc6 27. fxe5 Rxe5
28. Ke2 Bb3 29. Kd3 Bb2 30. Rb1 Bxc4+ 31. Kd2 Bxa3 32. Ra1 Bb4+ 33. Nxb4 axb4
0-1

[Event "Viva Colombia 1"]
[Site "http://www.queenalice.com/game.php?id=358129"]
[Date "2008.2.20"]
[Round "-"]
[White "bruce"]
[Black "technicaldraw"]
[Result "1-0"]
[WhiteElo "1758"]
[BlackElo "2055"]

1. d4 Nf6 2. c4 e6 3. Nf3 b6 4. Nc3 Bb7 5. Bg5 h6 6. Bh4 Bb4 7. Rc1 g5 8. Bg3
Ne4 9. Nd2 Nxg3 10. hxg3 Qf6 11. e3 Nc6 12. a3 Bxc3 13. Rxc3 O-O-O 14. Ne4 Qg6
15. Bd3 f5 16. Nd2 e5 17. d5 Nb8 18. e4 f4 19. g4 Na6 20. Nf3 d6 21. b4 h5 22.
gxh5 Rxh5 23. Rxh5 Qxh5 24. Be2 g4 25. Ng1 Rf8 26. Bxg4+ 1-0

[Event "Viva Colombia 2"]
[Site "http://www.queenalice.com/game.php?id=358130"]
[Date "2008.2.20"]
[Round "-"]
[White "technicaldraw"]
[Black "bruce"]
[Result "1/2-1/2"]
[WhiteElo "1976"]
[BlackElo "1797"]

1. e4 e5 2. Nf3 Nf6 3. Nc3 Bc5 4. Bc4 O-O 5. d3 h6 6. Nxe5 d6 7. Nf3 Nc6 8. Be3
Bxe3 9. fxe3 Bg4 10. O-O Re8 11. Qe1 Be6 12. Bxe6 Rxe6 13. Nd5 Ne7 14. Nxf6+
Rxf6 15. e5 dxe5 16. e4 Nc6 17. Nh4 Nd4 18. Rxf6 Qxf6 19. Qf2 Qxf2+ 20. Kxf2 Rd8
21. c3 Ne6 22. Ke3 c5 23. Nf5 Rd7 24. a3 a5 25. Rd1 Nf4 26. g3 Ng6 27. Rd2
1/2-1/2

[Event "Challenge"]
[Site "http://www.queenalice.com/game.php?id=359303"]
[Date "2008.2.23"]
[Round "-"]
[White "bruce"]
[Black "toldowisk"]
[Result "0-1"]
[WhiteElo "1806"]
[BlackElo "2088"]

1. d4 Nf6 2. c4 g6 3. Nc3 Bg7 4. Nf3 O-O 5. e4 d6 6. Be2 Re8 7. O-O b6 8. Bf4
Bb7 9. Rc1 a6 10. e5 dxe5 11. Bxe5 Nc6 12. Bf4 e6 13. Ne5 Nxe5 14. Bxe5 Rc8 15.
Bf3 Bxf3 16. Qxf3 Nd7 17. Bxg7 Kxg7 18. Rfe1 Nf6 19. Rcd1 c6 20. b4 Qc7 21. Ne4
Nxe4 22. Qxe4 Qe7 23. a3 c5 24. Qe5+ Kg8 25. dxc5 bxc5 26. Rb1 cxb4 27. Rxb4 Rc5
28. Qc3 Qd7 29. Reb1 Qc7 30. Rc1 Rc8 31. g3 Qc6 32. a4 a5 33. Rb5 Rxc4 34. Qxc4
Qxc4 35. Rxc4 Rxc4 36. Rxa5 Kg7 37. Kf1 Rc2 38. Ra8 Ra2 39. a5 Kf6 40. a6 h5 41.
a7 Ke7 0-1

[Event "Challenge"]
[Site "http://www.queenalice.com/game.php?id=380635"]
[Date "2008.4.1"]
[Round "-"]
[White "fael666"]
[Black "bruce"]
[Result "1-0"]
[WhiteElo "1264"]
[BlackElo "1773"]

1. d4 Nf6 2. Nf3 g6 3. e3 Bg7 4. Bc4 d5 5. Be2 O-O 6. Ne5 Bf5 7. b3 Nbd7 8. Nc3
c5 9. Bb5 cxd4 10. Ne2 Nxe5 11. Nxd4 a6 12. Ba4 b5 13. Bxb5 axb5 14. Nxb5 1-0